Labour-management consultation and co-operation in the tata iron and steel company (Record no. 420169)

000 -LEADER
fixed length control field 00375cam a22001097a 4500
008 - FIXED-LENGTH DATA ELEMENTS--GENERAL INFORMATION
fixed length control field 180718b1956 xxu||||| |||| 00| 0 eng d
082 ## - DEWEY DECIMAL CLASSIFICATION NUMBER
Classification number R719x54 In2m
245 ## - TITLE STATEMENT
Title Labour-management consultation and co-operation in the tata iron and steel company
Statement of responsibility, etc. by Ministry of Labour
260 ## - PUBLICATION, DISTRIBUTION, ETC.
Place of publication, distribution, etc. New Delhi
Name of publisher, distributor, etc. Government of India
Date of publication, distribution, etc. 1956
300 ## - PHYSICAL DESCRIPTION
Extent 69p
700 ## - ADDED ENTRY--PERSONAL NAME
Personal name India. Ministry of Labour
Holdings
Withdrawn status Lost status Damaged status Not for loan Permanent Location Current Location Date acquired Full call number Barcode Date last seen Price effective from Koha item type
        Indian Institute of Public Administration Indian Institute of Public Administration 2009-07-13 R719x54 In2m 8900 2018-07-21 2018-07-21 Book
        Indian Institute of Public Administration Indian Institute of Public Administration 2009-07-13 R719x54 In2m 8802 2018-07-21 2018-07-21 Book

Powered by Koha